Lockov pojem slobody

Náčrt Lockovho pojmu sloboda v jeho celkovej štruktúre. Abstraktný, empirický a racionálny pojem slobody.

Gespeichert in:
Bibliographische Detailangaben
1. Verfasser: Manda, Vladimír
Format: Buchkapitel
Sprache:Slowakisch
Schlagworte:
Tags: Tag hinzufügen
Keine Tags, Fügen Sie das erste Tag hinzu!

MARC

LEADER 00000naa a2200000 4500
001 0166198
005 20231211125046.7
041 0 |a slo 
044 |a SK 
245 1 0 |a Lockov pojem slobody  |c Vladimír Manda 
520 |a Náčrt Lockovho pojmu sloboda v jeho celkovej štruktúre. Abstraktný, empirický a racionálny pojem slobody. 
610 2 0 |a sloboda 
610 2 0 |a filozofia 
610 2 0 |a pojmy 
100 1 |a Manda, Vladimír